Statistics for Countries Bordering (Countries Bordering) Mauritania

Click here to take the quiz!

General Stats

  • This quiz has been taken 70 times
    (58 since last reset)
  • The average score is 17 of 19

Answer Stats

Country% Correct
Algeria
96%
Mali
96%
Morocco
92%
Senegal
92%
Chad
91%
Niger
91%
Tunisia
91%
Benin
89%
Gambia
89%
Guinea
89%
Libya
89%
Nigeria
89%
Sierra Leone
89%
Togo
89%
Ghana
87%
Liberia
87%
Burkina Faso
85%
Guinea-Bissau
85%
Côte d'Ivoire
83%

Score Distribution

Percentile by Number Answered

Percent of People with Each Score

Your Score History

You have not taken this quiz since the last reset